[Event "Mistrzostwa Polski Juniorow do lat 16 - Chlopcy"]
[Site "Szklarska Poreba"]
[Date "1899-12-30"]
[Round "1.24"]
[White "Werner, Kacper"]
[Black "Czechowski, Jakub"]
[Result "0-1"]
[WhiteTitle "II"]
[BlackTitle "I+"]
[WhiteElo "1591"]
[BlackElo "1964"]

1. e4 e5 2. Nf3 Nc6 3. Bc4 Bc5 4. O-O Nf6 5. d3 a6 6. c3 d6 7. b4 Ba7 8. Be3 O-O
9. Qc2 Ne7 10. Nbd2 Ng6 11. Bb3 h6 12. Rfe1 Nh5 13. Nf1 Qf6 14. Ng3 Nhf4 15. Qd2
Bg4 16. Bd1 Nxg2 17. Kxg2 Bxf3+ 18. Kg1 Nh4 19. Rf1 Qe6 20. Nf5 Qg6+ 21. Ng3 Qg4
0-1

[Event "Mistrzostwa Polski Juniorow do lat 16 - Chlopcy"]
[Site "Szklarska Poreba"]
[Date "1899-12-30"]
[Round "1.25"]
[White "Kaliszuk, Kamil"]
[Black "Celebias, Filip"]
[Result "1-0"]
[WhiteTitle "I+"]
[BlackTitle "II"]
[WhiteElo "1961"]
[BlackElo "1558"]

1. e4 c5 2. Nf3 e6 3. d4 cxd4 4. Nxd4 a6 5. Nc3 Qc7 6. g3 Bb4 7. Bd2 Nc6 8. Nb3
Nf6 9. Bg2 O-O 10. a3 Be7 11. O-O Ne5 12. f4 Nc4 13. Rb1 d6 14. g4 Nxd2 15. Nxd2
Bd7 16. g5 Ne8 17. Rf3 Qc5+ 18. Kh1 e5 19. Nb3 Qa7 20. Nd5 Bd8 21. f5 Bxg5 22.
Rg3 h6 23. Rxg5 Qf2 24. Rg3 Rc8 25. Ne7+ 1-0

[Event "Mistrzostwa Polski Juniorow do lat 16 - Chlopcy"]
[Site "Szklarska Poreba"]
[Date "1899-12-30"]
[Round "2.1"]
[White "Trybus, Daniel"]
[Black "Baum, Jonasz"]
[Result "0-1"]
[WhiteTitle "I++"]
[BlackTitle "FM"]
[WhiteElo "2010"]
[BlackElo "2391"]

1. e4 c5 2. Nf3 d6 3. d4 cxd4 4. Nxd4 Nf6 5. Nc3 a6 6. Bc4 e6 7. Bb3 b5 8. Be3
Bb7 9. O-O Be7 10. f4 b4 11. Na4 Bxe4 12. f5 e5 13. Nf3 O-O 14. Nb6 Ra7 15. Nd2
Bc6 16. Nd5 Rb7 17. Nxe7+ Qxe7 18. Nc4 d5 19. Na5 Rd7 20. Nxc6 Nxc6 21. Ba4 Rc7
22. Qe2 Nd4 23. Bxd4 exd4 24. Rae1 Qc5 25. Qd3 h6 26. Kh1 Ne4 27. Rd1 Rd8 28.
Bb3 a5 29. Qxd4 Qxd4 30. Rxd4 Nf6 31. h3 Re7 32. Rfd1 Re5 33. g4 Kf8 34. c4 bxc3
35. bxc3 Rc8 36. c4 a4 37. Bxa4 dxc4 38. Rd8+ Rxd8 39. Rxd8+ Ke7 40. Rc8 Re1+
41. Kg2 Re2+ 42. Kf3 Rxa2 43. Rxc4 Ra3+ 44. Kf4 Kd6 45. Rc6+ Kd5 46. Ra6 Kd4 47.
g5 Nd5+ 48. Kg4 hxg5 49. Bb5 Rxa6 50. Bxa6 f6 51. Bc8 Ke5 52. Kh5 Ne7 53. Bd7
Kf4 54. Be6 Kg3 55. Bd5 Kxh3 56. Bf3 Kg3 57. Bg4 Nd5 0-1

[Event "Mistrzostwa Polski Juniorow do lat 16 - Chlopcy"]
[Site "Szklarska Poreba"]
[Date "1899-12-30"]
[Round "2.2"]
[White "Niedbala, Bartlomiej"]
[Black "Kacprzak, Kacper"]
[Result "1-0"]
[WhiteTitle "FM"]
[BlackTitle "I+"]
[WhiteElo "2381"]
[BlackElo "2019"]

1. d4 Nf6 2. c4 c5 3. d5 b5 4. Qc2 g6 5. e4 d6 6. cxb5 a6 7. Nc3 Bg7 8. Nf3 O-O
9. a4 axb5 10. Bxb5 Ba6 11. O-O Ne8 12. Bd2 Nc7 13. Bxa6 Nbxa6 14. Nb5 Qd7 15.
Nxc7 Nxc7 16. Bc3 Rfb8 17. Rfd1 Na6 18. Bxg7 Kxg7 19. b3 Rb4 20. Nd2 Rab8 21.
Re1 Nc7 22. Rad1 e5 23. Re3 f5 24. Nc4 f4 25. Rc3 Na6 26. Qd3 Qd8 27. Ra1 Ra8
28. Rac1 Rb7 29. Qh3 Nc7 30. Rd1 Ra6 31. g3 Ne8 32. gxf4 exf4 33. Re1 Qg5+ 34.
Kh1 Re7 35. Rd3 Ra8 36. Rg1 Qf6 37. f3 Rd8 38. Qf1 Qh4 39. Rg4 Qh6 40. Qc1 Nf6
41. Rg2 Nh5 42. Na5 Rf8 43. Nc6 Rb7 44. a5 Ra8 45. Kg1 Kg8 46. Qc4 Qg7 47. Rd1
Nf6 48. e5 dxe5 49. a6 Rb6 50. d6+ Qf7 51. d7 Nxd7 52. Qxf7+ Kxf7 53. Rxd7+ Kf6
54. Rd6+ Kg7 55. Rd7+ Kf6 56. Nd8 e4 57. fxe4 Raxa6 58. Re2 f3 59. Rf7+ Ke5 60.
Rxf3 Rf6 61. Rd3 Ra1+ 62. Kg2 Rf4 63. Rd5+ Kf6 64. e5+ Kg5 65. e6+ Kh4 66. Rd3
Rff1 67. e7 Rg1+ 68. Kf3 Raf1+ 69. Ke3 c4 70. bxc4 1-0

[Event "Mistrzostwa Polski Juniorow do lat 16 - Chlopcy"]
[Site "Szklarska Poreba"]
[Date "1899-12-30"]
[Round "2.3"]
[White "Skurniak, Szymon"]
[Black "Czopor, Maciej"]
[Result "1/2-1/2"]
[WhiteTitle "I+"]
[BlackTitle "k"]
[WhiteElo "2005"]
[BlackElo "2196"]

1. Nf3 Nf6 2. c4 b6 3. g3 Bb7 4. Bg2 c5 5. Nc3 g6 6. d3 Bg7 7. Bd2 O-O 8. Qc1 Nc6
9. Bh6 Nd4 10. Bxg7 Kxg7 11. O-O Nxf3+ 12. Bxf3 Bxf3 13. exf3 d5 14. Re1 Re8 15.
Qf4 dxc4 16. dxc4 Qd6 17. Qxd6 exd6 18. Rxe8 Rxe8 19. Rd1 Rd8 20. Nb5 Ne8 21.
a3 Rd7 22. Nc3 Nc7 23. b4 Kf8 24. Kg2 Ke7 25. f4 f5 26. h4 h5 27. f3 Ke6 28. Re1+
Kf7 29. Rd1 Ke6 30. Re1+ Kf7 31. Rd1 Ke6 1/2-1/2

[Event "Mistrzostwa Polski Juniorow do lat 16 - Chlopcy"]
[Site "Szklarska Poreba"]
[Date "1899-12-30"]
[Round "2.4"]
[White "Luczak, Filip"]
[Black "Syrkiewicz, Michal"]
[Result "1-0"]
[WhiteTitle "CM"]
[BlackTitle "I"]
[WhiteElo "2179"]
[BlackElo "2004"]

1. d4 d5 2. c4 dxc4 3. Nf3 Nf6 4. e3 e6 5. Bxc4 c5 6. O-O a6 7. Bb3 Nc6 8. Nc3
b5 9. d5 exd5 10. Nxd5 Be6 11. e4 c4 12. Nxf6+ Qxf6 13. Bc2 Bg4 14. e5 Nxe5 15.
Re1 Be7 16. Rxe5 Qxe5 17. Nxe5 Bxd1 18. Bxd1 Bf6 19. Bf3 Rd8 20. Bc6+ Ke7 21.
Bf4 Rd4 22. Bg3 Kd6 23. Re1 Kc5 24. Bf3 Rd2 25. a3 Rhd8 26. Bf4 R2d4 27. Bc1 Bxe5
28. Rxe5+ Kd6 29. Re1 Kc7 30. g3 R4d7 31. Be3 g6 32. Bg5 Rc8 33. Bf6 Kb6 34. Bg4
Rd6 35. Bxc8 Rxf6 36. Bg4 Rd6 37. Rd1 Rf6 38. Kf1 a5 39. Ke2 Kc5 40. f4 b4 41.
axb4+ Kxb4 42. Rc1 Kb3 43. Rc3+ Kxb2 44. Rxc4 Kb3 45. Kd3 Rd6+ 46. Rd4 Rc6 47.
Bd1+ 1-0

[Event "Mistrzostwa Polski Juniorow do lat 16 - Chlopcy"]
[Site "Szklarska Poreba"]
[Date "1899-12-30"]
[Round "2.6"]
[White "Czernek, Tymon"]
[Black "Panek, Bartosz"]
[Result "1-0"]
[WhiteTitle "I++"]
[BlackTitle "I+"]
[WhiteElo "2120"]
[BlackElo "1979"]

1. e4 d6 2. d4 Nf6 3. Nc3 e5 4. Nf3 Nbd7 5. Bc4 exd4 6. Qxd4 Be7 7. Bf4 O-O 8.
O-O-O a6 9. e5 c5 10. Qd2 dxe5 11. Nxe5 Nxe5 12. Qxd8 Rxd8 13. Rxd8+ Bxd8 14.
Bxe5 b5 15. Rd1 Bb7 16. Bxf6 Bxf6 17. Bxf7+ Kxf7 18. Rd7+ Kg6 19. Rxb7 Bg5+ 20.
Kd1 Rd8+ 21. Ke1 Bd2+ 22. Ke2 Bxc3 23. bxc3 Rd6 24. Re7 Kf6 25. Re4 Kf5 26. f3
h6 27. g4+ Kf6 28. f4 Rc6 29. h3 c4 30. Ke3 Rd6 31. Rd4 Re6+ 32. Kf2 Rc6 33. Kf3
Ke6 34. Ke4 Kf7 35. Rd7+ Kf8 36. Ke5 Rc8 37. Rd6 a5 38. Kf5 b4 39. cxb4 axb4 40.
Rb6 b3 41. axb3 cxb3 42. cxb3 Kf7 43. Rb7+ Kf8 44. b4 Rc3 45. h4 Rd3 46. b5 1-0

[Event "Mistrzostwa Polski Juniorow do lat 16 - Chlopcy"]
[Site "Szklarska Poreba"]
[Date "1899-12-30"]
[Round "2.7"]
[White "Redzisz, Michal"]
[Black "Kaliszuk, Kamil"]
[Result "1/2-1/2"]
[WhiteTitle "k"]
[BlackTitle "I+"]
[WhiteElo "2105"]
[BlackElo "1961"]

1. d4 d5 2. Nf3 Nf6 3. c4 e6 4. g3 dxc4 5. Bg2 a6 6. a4 Nc6 7. O-O Be7 8. e3 Bd7
9. Ne5 Nxe5 10. dxe5 Nd5 11. Qg4 g6 12. Nc3 Nxc3 13. bxc3 c6 14. a5 Qc7 15. Qxc4
Qxe5 16. Rd1 Qc7 17. Rb1 O-O 18. Qb3 Rab8 19. c4 e5 20. Qc3 Bg4 21. f3 Bf5 22.
e4 Bc5+ 23. Be3 Bxe3+ 24. Qxe3 Be6 25. Qc3 Rfd8 26. c5 Rxd1+ 27. Rxd1 Rd8 28.
Rxd8+ Qxd8 29. Kf2 f6 30. Ke2 Kg7 31. Qd2 Bc4+ 32. Ke3 Qxd2+ 33. Kxd2 Kf7 34.
Bh3 Be6 35. Bf1 Ke7 36. Ke3 1/2-1/2

[Event "Mistrzostwa Polski Juniorow do lat 16 - Chlopcy"]
[Site "Szklarska Poreba"]
[Date "1899-12-30"]
[Round "2.8"]
[White "Gardian, Adam"]
[Black "Suder, Jakub"]
[Result "0-1"]
[WhiteTitle "I"]
[BlackTitle "I++"]
[WhiteElo "1709"]
[BlackElo "2085"]

1. e4 c5 2. Nf3 e6 3. c3 d5 4. exd5 exd5 5. Bb5+ Bd7 6. Qe2+ Qe7 7. O-O Qxe2 8.
Bxe2 Bd6 9. Re1 Ne7 10. d4 c4 11. b3 cxb3 12. axb3 f6 13. Ba3 Bxa3 14. Nxa3 Kf7
15. c4 Rd8 16. c5 g5 17. Bd3 Ng6 18. Re3 a6 19. Nb5 Bxb5 20. Bxb5 Nc6 21. Bxc6
bxc6 22. Ra4 a5 23. Nd2 Nf4 24. g3 Ne6 25. Kf1 Rdb8 26. Rd3 Rb4 27. Rxb4 axb4
28. Ke2 Ra1 29. Nf1 Rb1 30. Nd2 Rc1 31. Nf1 Kg6 32. Ne3 f5 33. Nd1 f4 34. Kd2
Ra1 0-1

[Event "Mistrzostwa Polski Juniorow do lat 16 - Chlopcy"]
[Site "Szklarska Poreba"]
[Date "1899-12-30"]
[Round "2.9"]
[White "Fiedorek, Michal"]
[Black "Stachecki, Mikolaj"]
[Result "1-0"]
[WhiteTitle "FM"]
[BlackTitle "I+"]
[WhiteElo "2223"]
[BlackElo "1802"]

1. e4 c5 2. Nf3 d6 3. d4 cxd4 4. Nxd4 Nf6 5. Nc3 Nc6 6. Bg5 e6 7. Qd3 a6 8. Nxc6
bxc6 9. O-O-O Qa5 10. Qg3 Bd7 11. Be2 Qb4 12. a3 Qb7 13. e5 dxe5 14. Bxf6 gxf6
15. Ne4 Be7 16. Qg7 O-O-O 17. Nxf6 Bf8 18. Qg4 Qb6 19. Qa4 a5 20. Bf3 Qb5 21.
Nxd7 Rxd7 22. Bxc6 Bh6+ 23. Kb1 Rxd1+ 24. Rxd1 Qxa4 25. Bxa4 Rd8 26. Rxd8+ Kxd8
27. c3 Bf8 28. b4 Kc7 29. Kb2 Kb6 30. Be8 f6 31. Bd7 Bh6 32. Bxe6 Bd2 33. Kb3
Be1 34. f3 Bf2 35. Bf5 Bg1 36. h3 h5 37. Be4 Be3 38. c4 axb4 39. axb4 h4 40. c5+
Kb5 41. Bd3+ Kc6 42. Kc4 Kc7 43. b5 Kb7 44. b6 Bd4 45. Kb5 Bf2 46. c6+ Ka8 47.
Be4 Kb8 48. c7+ Kc8 49. Bf5+ 1-0

[Event "Mistrzostwa Polski Juniorow do lat 16 - Chlopcy"]
[Site "Szklarska Poreba"]
[Date "1899-12-30"]
[Round "2.10"]
[White "Oleksy, Krzysztof"]
[Black "Dzida, Kamil"]
[Result "0-1"]
[WhiteTitle "I"]
[BlackTitle "k+"]
[WhiteElo "1842"]
[BlackElo "2254"]

1. d4 Nf6 2. c4 e6 3. Nc3 Bb4 4. e3 O-O 5. Bd2 Bxc3 6. Bxc3 Ne4 7. Ne2 d6 8. Qc2
Nxc3 9. Nxc3 Nd7 10. Bd3 h6 11. O-O a6 12. Rad1 Qe7 13. f4 Nf6 14. e4 e5 15. Nd5
Nxd5 16. cxd5 exd4 17. Rc1 c5 18. dxc6 bxc6 19. Qxc6 Rb8 20. b3 Bb7 21. Qa4 f5
22. Qxd4 fxe4 23. Bc4+ Kh8 24. Bd5 Bxd5 25. Qxd5 Rbe8 26. Rce1 Qe6 27. Qxe6 Rxe6
28. Re3 Kg8 29. g3 Rf5 30. Rd1 g5 31. fxg5 hxg5 32. Rd4 d5 33. g4 Rfe5 34. Kf2
Rc6 35. Rd2 Kf7 36. Ke2 Rc1 37. Rh3 Rg1 38. Rh7+ Ke8 39. Rd4 a5 40. Ra4 Re7 41.
Rxe7+ Kxe7 42. Rxa5 Ke6 43. b4 Rb1 44. Ra6+ Ke5 45. Rg6 Rb2+ 46. Kd1 e3 47. Rxg5+
Ke4 48. h4 d4 49. Rg8 d3 50. Re8+ Kf3 51. Kc1 Rxb4 52. h5 Ke2 53. Rd8 d2+ 54.
Kc2 Rc4+ 55. Kb3 Rxg4 56. Kc2 Rg5 0-1

[Event "Mistrzostwa Polski Juniorow do lat 16 - Chlopcy"]
[Site "Szklarska Poreba"]
[Date "1899-12-30"]
[Round "2.11"]
[White "Kania, Dominik"]
[Black "Bachor, Tomasz"]
[Result "1/2-1/2"]
[WhiteTitle "I"]
[BlackTitle "k"]
[WhiteElo "1933"]
[BlackElo "2105"]

1. e4 c5 2. Nf3 g6 3. d4 cxd4 4. Nxd4 Nc6 5. Nc3 Bg7 6. Nb3 Nf6 7. Be2 O-O 8. O-O
d6 9. Re1 Be6 10. Bf1 Rc8 11. Nd5 Bxd5 12. exd5 Nb4 13. c4 b5 14. a3 bxc4 15.
axb4 cxb3 16. Qxb3 Qc7 17. Be3 Qc2 18. Qa2 Qe4 19. Bxa7 Qxb4 20. Rxe7 Rc2 21.
Re2 Rxe2 22. Bxe2 Ra8 23. Qa3 Nxd5 24. Bf3 Bxb2 25. Qxb4 Nxb4 26. Ra4 Rc8 27.
Be3 Bc3 28. h4 h5 29. Kf1 d5 30. Bd4 Bxd4 31. Rxb4 Bc3 32. Ra4 Rd8 33. Ke2 Kg7
34. Kd3 Bf6 35. g3 Rd7 36. Rb4 d4 37. Rb7 Rxb7 38. Bxb7 Kh6 39. Bd5 Kg7 40. Ke4
Kf8 41. Kd3 Ke7 42. Ke4 Bg7 43. Kd3 f5 44. f4 Bf6 45. Ke2 Kf8 46. Bc4 Kg7 47.
Bd5 Bd8 48. Bc4 Ba5 49. Bd3 Kf6 50. Bc4 Ke7 51. Bd3 Bc3 52. Bc4 Bb2 53. Bd3 Bc1
54. Bc4 Be3 55. Bd3 Kf6 1/2-1/2

[Event "Mistrzostwa Polski Juniorow do lat 16 - Chlopcy"]
[Site "Szklarska Poreba"]
[Date "1899-12-30"]
[Round "2.12"]
[White "Topola, Rafal"]
[Black "Ochedzan, Tymon"]
[Result "0-1"]
[WhiteTitle "I"]
[BlackTitle "CM"]
[WhiteElo "1754"]
[BlackElo "2099"]

1. e4 c6 2. d4 d5 3. exd5 cxd5 4. Bd3 Nf6 5. h3 Nc6 6. c3 g6 7. Nf3 Bg7 8. Bf4
Bf5 9. Bxf5 gxf5 10. Qb3 Qd7 11. Ne5 Nxe5 12. Bxe5 O-O 13. Nd2 Rac8 14. O-O Bh6
15. Bxf6 Bxd2 16. Bh4 Bh6 17. Rfe1 e6 18. Bf6 Bg7 19. Bg5 Qc7 20. g3 Kh8 21. Bf4
Qc6 22. a4 Rfe8 23. Qb5 f6 24. Ra3 e5 25. dxe5 fxe5 26. Bd2 Qg6 27. Qd3 Rcd8 28.
Be3 Qh5 29. Bxa7 Qxh3 30. Qf3 f4 31. Qg2 Qh5 32. g4 Qf7 33. Bc5 e4 34. Raa1 Re6
35. Rad1 b6 36. Bd4 f3 37. Qg3 Rg8 38. Bxg7+ Qxg7 39. Rxd5 Qxg4 40. Kf1 Reg6 0-1

[Event "Mistrzostwa Polski Juniorow do lat 16 - Chlopcy"]
[Site "Szklarska Poreba"]
[Date "1899-12-30"]
[Round "2.13"]
[White "Koziorowicz, Michal"]
[Black "Dalkowski, Rafal"]
[Result "1-0"]
[WhiteTitle "k"]
[BlackTitle "I"]
[WhiteElo "2099"]
[BlackElo "1893"]

1. e4 c6 2. d4 d5 3. e5 Bf5 4. h4 h5 5. c4 dxc4 6. Bxc4 e6 7. Bg5 Qc7 8. Ne2 Nd7
9. Nbc3 Nb6 10. Bb3 Nd5 11. Ng3 Nxc3 12. bxc3 Bg6 13. Bc2 Bxc2 14. Qxc2 Ne7 15.
Rb1 b6 16. O-O c5 17. Ne4 Nf5 18. Qa4+ Qd7 19. Qxd7+ Kxd7 20. dxc5 Kc6 21. cxb6
axb6 22. Rb2 Bc5 23. Nxc5 bxc5 24. Rd1 Ra4 25. Bd8 Ra6 26. Rb8 c4 27. Rc8+ Kb7
28. Rxc4 Rxa2 29. Rb1+ Ka6 30. Rc8 1-0

[Event "Mistrzostwa Polski Juniorow do lat 16 - Chlopcy"]
[Site "Szklarska Poreba"]
[Date "1899-12-30"]
[Round "2.14"]
[White "Jedrusik, Adam"]
[Black "Poltorak, Sebastian"]
[Result "1-0"]
[WhiteTitle "I"]
[BlackTitle "k"]
[WhiteElo "1828"]
[BlackElo "2036"]

1. d4 Nf6 2. Bg5 e6 3. Nd2 h6 4. Bh4 d6 5. Ngf3 g5 6. Bg3 Nh5 7. e3 Bg7 8. Bd3
Qe7 9. Qe2 Nd7 10. O-O-O b6 11. Ne1 Nxg3 12. hxg3 c5 13. c3 Bb7 14. f4 O-O-O 15.
Ba6 Nf6 16. Bxb7+ Qxb7 17. Qf3 Qa6 18. Kb1 g4 19. Qf1 Qxf1 20. Rxf1 Nh5 21. Ne4
d5 22. Rh1 Nxf4 23. gxf4 dxe4 24. Rh5 c4 25. Nc2 Rd5 26. Rdh1 Rxh5 27. Rxh5 Kd7
28. Na3 Rc8 29. Kc2 Ke7 30. Kd1 Kf6 31. Rh4 Kf5 32. Nb5 Bf8 33. Rxh6 a6 34. Rh5+
Kg6 35. Rg5+ Kh6 36. Na3 Bxa3 37. bxa3 f5 38. Kc2 b5 39. g3 a5 40. d5 exd5 41.
Rxf5 Rd8 42. Rg5 b4 43. axb4 axb4 44. cxb4 d4 45. exd4 Rxd4 46. Rxg4 e3 47. Rg5
Rd2+ 48. Kc3 Rxa2 49. Re5 1-0

[Event "Mistrzostwa Polski Juniorow do lat 16 - Chlopcy"]
[Site "Szklarska Poreba"]
[Date "1899-12-30"]
[Round "2.15"]
[White "Zabron, Maksym"]
[Black "Budzisz, Adrian"]
[Result "1-0"]
[WhiteTitle "I++"]
[BlackTitle "I"]
[WhiteElo "2023"]
[BlackElo "1812"]

1. d4 Nf6 2. c4 e6 3. Nc3 Bb4 4. e3 O-O 5. Nge2 d5 6. a3 Be7 7. cxd5 Nxd5 8. Nxd5
exd5 9. g3 Nd7 10. Bg2 Nf6 11. O-O Bf5 12. Nc3 c6 13. b4 b5 14. Bd2 Qd7 15. Qe2
Rfe8 16. f3 h5 17. Qf2 Bf8 18. Rfe1 Rad8 19. Ne2 Nh7 20. Bc3 g5 21. Nc1 Nf6 22.
Nb3 Bg6 23. Nc5 Qc8 24. e4 dxe4 25. fxe4 Bg7 26. h3 Nd7 27. Qe3 Nxc5 28. bxc5
g4 29. h4 Qc7 30. Rad1 a5 31. Kh2 Kh7 32. d5 Bh6 33. Qf2 cxd5 34. exd5 Rxe1 35.
Rxe1 b4 36. axb4 axb4 37. Bxb4 Rb8 38. d6 Qc8 39. Bc3 Rb5 40. c6 Qf8 41. d7 1-0

[Event "Mistrzostwa Polski Juniorow do lat 16 - Chlopcy"]
[Site "Szklarska Poreba"]
[Date "1899-12-30"]
[Round "2.16"]
[White "Turski, Bartlomiej"]
[Black "Wasik, Mateusz"]
[Result "1-0"]
[WhiteTitle "I"]
[BlackTitle "I"]
[WhiteElo "1986"]
[BlackElo "1724"]

1. e4 c5 2. Nf3 e6 3. d4 cxd4 4. Nxd4 Nf6 5. Nc3 Nc6 6. Nxc6 bxc6 7. e5 Nd5 8.
Ne4 Qc7 9. f4 Rb8 10. Bd3 Ba6 11. c4 Bb4+ 12. Ke2 f5 13. Nd6+ Bxd6 14. exd6 Nxf4+
15. Kf3 Qa5 16. Bxf4 Rxb2 17. Rb1 Rxb1 18. Qxb1 O-O 19. Qb2 Qd8 20. h4 c5 21.
Rh3 Qe8 22. h5 h6 23. Kf2 Kh7 24. Rg3 Rg8 25. Rg6 Qd8 26. Kg3 Qa5 27. Qd2 Qa3
28. Kf2 Rb8 29. Be5 Rg8 30. Bxg7 f4 31. Qxf4 Qxa2+ 32. Kg3 1-0

[Event "Mistrzostwa Polski Juniorow do lat 16 - Chlopcy"]
[Site "Szklarska Poreba"]
[Date "1899-12-30"]
[Round "2.17"]
[White "Grzesik, Gracjan"]
[Black "Dziendziel, Mateusz"]
[Result "1-0"]
[WhiteTitle "I++"]
[BlackTitle "I"]
[WhiteElo "2039"]
[BlackElo "1700"]

1. c4 g6 2. Nc3 Bg7 3. g3 d6 4. Bg2 Nf6 5. d4 O-O 6. e4 e5 7. Nge2 Nc6 8. d5 Ne7
9. O-O Ne8 10. Be3 f5 11. Qd2 Nf6 12. f3 fxe4 13. Nxe4 Nxe4 14. fxe4 Bg4 15. Rxf8+
Qxf8 16. Nc3 a6 17. Rf1 Qe8 18. h3 Bd7 19. g4 Kh8 20. Qf2 Ng8 21. g5 Qe7 22. Qg3
Rf8 23. h4 Rxf1+ 24. Bxf1 h5 25. b4 Bf8 26. c5 Qd8 27. Qf2 Kg7 28. Bc4 Qc8 29.
c6 Be8 30. Kh2 Bf7 31. cxb7 Qxb7 32. a3 Be8 33. Qe2 a5 34. bxa5 Ne7 35. a6 Qa8
36. Qb2 1-0

[Event "Mistrzostwa Polski Juniorow do lat 16 - Chlopcy"]
[Site "Szklarska Poreba"]
[Date "1899-12-30"]
[Round "2.18"]
[White "Majewski, Krzysztof"]
[Black "Kozlowski, Michal"]
[Result "0-1"]
[WhiteTitle "I"]
[BlackTitle "I++"]
[WhiteElo "1805"]
[BlackElo "2009"]

1. e4 c5 2. c4 e6 3. Nc3 Ne7 4. g3 d5 5. d3 Nbc6 6. Bg2 dxc4 7. dxc4 Qxd1+ 8. Nxd1
Nd4 9. Ne3 g6 10. Nf3 Nec6 11. Bd2 Bg7 12. O-O-O O-O 13. Nc2 a6 14. Be3 e5 15.
Bxd4 cxd4 16. Nfe1 Be6 17. b3 Rfc8 18. Kb2 b6 19. Nd3 a5 20. a4 Rf8 21. Rhf1 Rad8
22. Kb1 Nb8 23. f4 f6 24. Rf2 Nd7 25. Rdf1 Ra8 26. Kb2 Rab8 27. Nce1 h6 28. h3
g5 29. Rh1 f5 30. h4 g4 31. Rhf1 fxe4 32. Bxe4 Nf6 33. Bg2 e4 34. Ne5 e3 35. Rc2
Nd7 36. N5d3 Bf5 37. Rg1 Nc5 38. Bf1 Rfe8 39. Be2 Re7 40. Rc1 Rbe8 41. Kc2 h5
42. Rg2 Re6 43. Rd1 Ne4 44. Rc1 Nf2 45. Rb1 Bf8 46. Kb2 Bb4 47. Kc2 Bc3 48. Rc1
R6e7 49. Rb1 Rc7 50. Rc1 Rb8 51. Rg1 b5 52. axb5 Ra7 53. Ng2 a4 54. b4 a3 55.
Nxe3 Re7 56. Rg2 Rxe3 57. Rxf2 a2 58. c5 Rxb5 59. Kb3 a1=Q 60. Rxa1 Bxa1 61. Kc4
Rb8 62. c6 Re7 63. Kc5 Bc3 64. b5 Ba5 65. Ne5 d3 66. Bd1 Bb6+ 67. Kd6 Re6+ 68.
Kd5 Bxf2 69. Ba4 Bb6 70. Nd7 Rd8 71. Bb3 d2 72. Kc4 Rxd7 73. cxd7 Rd6 0-1

[Event "Mistrzostwa Polski Juniorow do lat 16 - Chlopcy"]
[Site "Szklarska Poreba"]
[Date "1899-12-30"]
[Round "2.19"]
[White "Gorkiewicz, Mateusz"]
[Black "Kossowski, Pawel"]
[Result "1-0"]
[WhiteTitle "I+"]
[BlackTitle "I"]
[WhiteElo "1959"]
[BlackElo "1717"]

1. e4 e5 2. Nf3 Nc6 3. Nc3 Nf6 4. a3 d6 5. d4 exd4 6. Nxd4 Be7 7. Be2 O-O 8. O-O
Re8 9. f4 Bf8 10. Bf3 g6 11. Nxc6 bxc6 12. e5 Nd5 13. Nxd5 cxd5 14. Bxd5 c6 15.
Bc4 Qb6+ 16. Kh1 dxe5 17. fxe5 Be6 18. Bxe6 Rxe6 19. Bg5 Rae8 20. Qd7 R8e7 21.
Bxe7 Rxe7 22. Qc8 Rxe5 23. b3 Qc5 24. Qd7 Re7 25. Qd2 Bg7 26. Rae1 Rxe1 27. Qxe1
Qxa3 28. Qe8+ Qf8 29. Qxc6 Qe7 30. Qd5 Bf6 31. c4 Kg7 32. c5 h5 33. Qd6 Qxd6 34.
cxd6 Bd8 35. Rc1 Kf8 36. Re1 f6 37. d7 Be7 38. Ra1 Bd8 39. Rxa7 Ke7 40. b4 g5
41. g3 f5 42. b5 f4 43. gxf4 gxf4 44. Kg2 Kd6 45. b6 Bxb6 46. Ra6 Kc7 47. Rxb6
1-0

[Event "Mistrzostwa Polski Juniorow do lat 16 - Chlopcy"]
[Site "Szklarska Poreba"]
[Date "1899-12-30"]
[Round "2.20"]
[White "Gradalski, Olaf"]
[Black "Kacprzak, Karol"]
[Result "1-0"]
[WhiteTitle "II+"]
[BlackTitle "I++"]
[WhiteElo "1719"]
[BlackElo "1954"]

1. e4 c5 2. Nf3 d6 3. d4 cxd4 4. Nxd4 Nf6 5. Nc3 a6 6. h3 e6 7. g4 b5 8. Bg2 Bb7
9. O-O Nfd7 10. f4 b4 11. Nce2 Nc5 12. Ng3 Be7 13. a3 bxa3 14. b4 Ncd7 15. f5
e5 16. f6 Nxf6 17. Ndf5 Bf8 18. g5 Nfd7 19. Qf3 f6 20. gxf6 Nxf6 21. Bg5 Nbd7
22. Nh5 Rg8 23. Qb3 d5 24. exd5 Qb6+ 25. Be3 Qxb4 26. Nfxg7+ Kf7 27. Nxf6 Nxf6
28. Nh5 Rxg2+ 29. Kxg2 Qe4+ 30. Kh2 Bxd5 31. Rxf6+ Ke8 32. Rxf8+ Kxf8 33. Rf1+
Ke7 34. Qxa3+ Kd8 35. Qd6+ Kc8 36. Rf8+ Kb7 37. Qb6# 1-0

[Event "Mistrzostwa Polski Juniorow do lat 16 - Chlopcy"]
[Site "Szklarska Poreba"]
[Date "1899-12-30"]
[Round "2.21"]
[White "Majdanski, Maksymilian"]
[Black "Kotula, Pawel"]
[Result "0-1"]
[WhiteTitle "I"]
[BlackTitle "I"]
[WhiteElo "1868"]
[BlackElo "1707"]

1. e4 c5 2. Nf3 e6 3. d3 Nc6 4. Nbd2 d5 5. g3 Nf6 6. Bg2 Be7 7. O-O O-O 8. Re1
Qc7 9. c3 dxe4 10. dxe4 Rd8 11. e5 Nd5 12. Qc2 b5 13. Nf1 h6 14. h4 Bb7 15. g4
b4 16. Ng3 c4 17. g5 b3 18. axb3 cxb3 19. Qe2 hxg5 20. Nxg5 Bxg5 21. Bxg5 Nce7
22. Qg4 Rd7 23. h5 Nc6 24. Bxd5 Nxe5 25. Qe2 Rxd5 26. Bf4 Qc6 27. Qe4 Nd3 28.
Rf1 Nxf4 29. Qxf4 Rd4 0-1

[Event "Mistrzostwa Polski Juniorow do lat 16 - Chlopcy"]
[Site "Szklarska Poreba"]
[Date "1899-12-30"]
[Round "2.22"]
[White "Haliniak, Wojciech"]
[Black "Wysocki, Mateusz"]
[Result "1-0"]
[WhiteTitle "I"]
[BlackTitle "I"]
[WhiteElo "1705"]
[BlackElo "1864"]

1. e4 c5 2. Nc3 a6 3. a4 e6 4. d3 Nc6 5. f4 d5 6. g3 Nf6 7. Bg2 Be7 8. e5 Nd7 9.
Nf3 Rb8 10. O-O O-O 11. Qe2 b5 12. axb5 axb5 13. f5 b4 14. fxe6 fxe6 15. Nd1 Qc7
16. Bf4 Nd4 17. Nxd4 cxd4 18. h4 b3 19. cxb3 Nc5 20. Rc1 Qd7 21. Rf2 Ba6 22. Rf3
Rxb3 23. Nf2 Qb7 24. Rc2 Bb5 25. Bh3 Qa6 26. Qd1 Ba4 27. Qc1 Rb5 28. Re2 Rb6 29.
Kg2 Rc6 30. Qb1 Bb5 31. Rc2 Rfc8 32. Rd2 Nb3 33. Rd1 Rc1 34. Rxc1 Rxc1 35. Bxc1
Nc5 36. b4 Nd7 37. Bf4 1-0

[Event "Mistrzostwa Polski Juniorow do lat 16 - Chlopcy"]
[Site "Szklarska Poreba"]
[Date "1899-12-30"]
[Round "2.23"]
[White "Kalkowski, Igor"]
[Black "Werner, Kacper"]
[Result "1-0"]
[WhiteTitle "I+"]
[BlackTitle "II"]
[WhiteElo "1862"]
[BlackElo "1591"]

1. e4 c5 2. Nf3 d6 3. d4 cxd4 4. Nxd4 Nf6 5. Nc3 a6 6. h3 e6 7. g4 b5 8. Bg2 Bb7
9. O-O Qc7 10. Re1 Be7 11. g5 Nfd7 12. Nd5 exd5 13. exd5 Ne5 14. Nf5 O-O 15. Nxe7+
Qxe7 16. f4 f6 17. fxe5 fxe5 18. Be3 Nd7 19. Qg4 Rf7 20. Be4 g6 21. Rf1 Raf8 22.
Rxf7 Qxf7 23. Qg2 Kg7 24. a4 bxa4 25. Rxa4 Rc8 26. b3 Nc5 27. Bxc5 Rxc5 28. c4
Qf4 29. Ra1 Rc7 30. Rf1 Qe3+ 31. Kh2 Rf7 32. Rxf7+ Kxf7 33. Qf3+ Qxf3 34. Bxf3
a5 35. Bg4 Ke7 36. Kg3 Kd8 37. Bf3 Bc8 38. Be4 Ke7 39. h4 Kf7 40. Bd3 Bd7 41.
Bc2 Be8 42. h5 Ke7 43. h6 Kd7 44. Kf3 Kc7 45. Ke3 Kd7 46. Kd2 Ke7 47. Kc3 Kf7
48. c5 dxc5 49. Kc4 Ke7 50. Kxc5 Bf7 51. Kc6 Be8+ 52. Kc7 1-0

[Event "Mistrzostwa Polski Juniorow do lat 16 - Chlopcy"]
[Site "Szklarska Poreba"]
[Date "1899-12-30"]
[Round "2.24"]
[White "Strepikowski, Pawel"]
[Black "Cwiek, Ryszard"]
[Result "1-0"]
[WhiteTitle "I"]
[BlackTitle "I+"]
[WhiteElo "1676"]
[BlackElo "1843"]

1. e4 e6 2. d4 d5 3. e5 c5 4. c3 Nc6 5. Nf3 Qb6 6. Bd3 cxd4 7. cxd4 Bd7 8. O-O
Nxd4 9. Nxd4 Qxd4 10. Nc3 a6 11. Re1 Ne7 12. Be3 Qxe5 13. Bc2 Qd6 14. Qf3 Bc6
15. Rad1 e5 16. Bb3 Qf6 17. Qg3 Nf5 18. Qh3 O-O-O 19. Bxd5 Bb4 20. Bxc6 bxc6 21.
Bd2 Qe6 22. Qg4 Rd4 23. Qe2 c5 24. a3 Bxc3 25. bxc3 Rd5 26. Rb1 Kc7 27. c4 Rd6
28. Ba5+ Kc8 29. Qf3 Rc6 30. Rxe5 Nd4 31. Qe3 Qd7 32. Re7 Re6 33. Rxd7 Kxd7 34.
Qh3 Rhe8 35. Kf1 Kc8 36. Qg3 Re5 37. Qg4+ R5e6 38. Qf4 Nc6 39. Qc7# 1-0

[Event "Mistrzostwa Polski Juniorow do lat 16 - Chlopcy"]
[Site "Szklarska Poreba"]
[Date "1899-12-30"]
[Round "2.25"]
[White "Celebias, Filip"]
[Black "Babiarz, Arkadiusz"]
[Result "1-0"]
[WhiteTitle "II"]
[BlackTitle "I++"]
[WhiteElo "1558"]
[BlackElo "1831"]

1. e4 c5 2. Nf3 e6 3. d4 cxd4 4. Nxd4 a6 5. Bd3 g6 6. Be3 Bg7 7. Qd2 Nf6 8. f3
O-O 9. Nc3 d6 10. O-O-O b5 11. Bh6 b4 12. Nce2 Bxh6 13. Qxh6 e5 14. Nb3 a5 15.
h4 Be6 16. Kb1 a4 17. Nd2 b3 18. cxb3 axb3 19. a3 Qb6 20. h5 Nbd7 21. g4 Nc5 22.
Bc4 Bxc4 23. Nxc4 Qb5 24. Rc1 Ra4 25. hxg6 fxg6 26. g5 Nh5 27. Rxh5 gxh5 28. g6
hxg6 29. Qxg6+ Kh8 30. Rh1 1-0